Genossenschaft.

Skúsenosti s otváracími hodinami a ich prispôsobovaním pri prepážkach v družstevnej banke Gladbacher Bank AG. Ponuka služieb. Bezhotovostné služby a práca s peňažnou hotovosťou. Motivácia pracovníkov. Výhody predĺžených otváracích hodín pre zákazníkov a pre banku. Plánovanie využitia personálu a jeh...

Descrizione completa

Salvato in:
Dettagli Bibliografici
Autore principale: Lerpscher, C.
Natura: Capitolo di libro
Lingua:tedesco
Soggetti:
Tags: Aggiungi Tag
Nessun Tag, puoi essere il primo ad aggiungerne!!

MARC

LEADER 00000naa a2200000 4500
001 r004503
005 20221208122738.7
041 0 |a ger 
044 |a DE 
245 1 0 |a Genossenschaft.  |c C. Lerpscher 
520 |a Skúsenosti s otváracími hodinami a ich prispôsobovaním pri prepážkach v družstevnej banke Gladbacher Bank AG. Ponuka služieb. Bezhotovostné služby a práca s peňažnou hotovosťou. Motivácia pracovníkov. Výhody predĺžených otváracích hodín pre zákazníkov a pre banku. Plánovanie využitia personálu a jeho kvantity. 
610 2 0 |a banky družstevné 
610 2 0 |a motivácia 
610 2 0 |a Nemecko 
610 2 0 |a služby 
100 1 |a Lerpscher, C.